Paginas Libres del Recuerdo / (Record no. 572)

000 -CABECERA
fixed length control field 00768nam a22002177a 4500
003 - IDENTIFICADOR DEL NÚMERO DE CONTROL
control field AR-CdUCM
008 - DATOS DE LONGITUD FIJA--INFORMACIÓN GENERAL
fixed length control field 190225b ||||| |||| 00| 0 spa d
040 ## - FUENTE DE LA CATALOGACIÓN
Agencia/entidad que catalogó originalmente la obra MUNICIPALIDAD PROVINCIAL DEL CUSCO
Entidad que transcribió la catalogación BIBLIOTECA MUNICIPAL DEL CUSCO
082 ## - NÚMERO DE LA CLASIFICACIÓN DECIMAL DEWEY
No. de Clasificación 808.8 /
Notacion interna S21
100 ## - ENTRADA PRINCIPAL--NOMBRE DE PERSONA
Nombre Personal Sanchez Zevallos, Edgardo
245 ## - MENCIÓN DE TÍTULO
Título Paginas Libres del Recuerdo /
Mención de responsabilidad Sánchez Zevallos, Edgardo
260 ## - PUBLICACIÓN, DISTRIBUCIÓN, ETC.
Lugar de publicación, distribución, etc. Cajamarca, Peru:
Nombre de la editorial, distribuidor, etc. Asociacion Impresiones y Publicaciones Obispo Martinez Compañon ,
Fecha de publicación, distribución, etc. 1989.
300 ## - DESCRIPCIÓN FÍSICA
Nº de Páginas Extensión 48 paginas :
Dimensiones 20.2 cm.
505 ## - NOTA DE CONTENIDO CON FORMATO
Nota de contenido formateada Poesia Peruana...
650 ## - PUNTO DE ACCESO ADICIONAL DE MATERIA--TÉRMINO DE MATERIA
Descriptor Poesia Peruana.
9 (RLIN) 280
650 ## - PUNTO DE ACCESO ADICIONAL DE MATERIA--TÉRMINO DE MATERIA
Descriptor Literatura Escrita.
9 (RLIN) 2146
650 ## - PUNTO DE ACCESO ADICIONAL DE MATERIA--TÉRMINO DE MATERIA
Descriptor Poesia Cajamarca.
9 (RLIN) 2228
700 ## - PUNTO DE ACCESO ADICIONAL--NOMBRE DE PERSONA
Nombre Personal Sánchez Zevallos, Edgardo
9 (RLIN) 2229
942 ## - ELEMENTOS DE PUNTO DE ACCESO ADICIONAL (KOHA)
Fuente de clasificación
Tipo de item Libros-BMC
945 ## - PROCESAMIENTO DE INFORMACIÓN LOCAL (OCLC)
Catalogador rtm
AAAA-MM-DD - Fecha de ingreso o modificacion 2019-02-25
Holdings
Estado de retiro (separado) Fuente de clasificación o esquema de estanterías Estado dañado Ubicación Sala donde se ubica Nombre de la colección Fecha de adquisición o compra Costo, precio normal en soles Signatura topográfica Código de Barras Última vez visto (Koha) Tipo de ítem (Koha)
No     Sala Humanidades Sala Humanidades Book Cart 2019-02-25 50.00 808.8 / S21 SH0000000590 2019-02-25 Libros-BMC

Powered by Koha